| 000 | 00597nam a2200217Ia 4500 | ||
|---|---|---|---|
| 008 | 160319s9999 xx 000 0 und d | ||
| 050 | _aFIL 515.15 | ||
| 050 | _b.V44 1982 | ||
| 100 | _aVasquez, Eleanita E. | ||
| 245 | _aCalculus with analytic geometry for business and economics : | ||
| 245 | _ba textbook - workbook / | ||
| 245 | _cEleanita E. Vasquez. | ||
| 260 | _aManila : | ||
| 260 | _bGIC Enterprises,. Inc., | ||
| 260 | _c1982 | ||
| 300 | _a201 pages : | ||
| 300 | _billustrations ; | ||
| 300 | _c25 cm. | ||
| 650 | _aCalculus. | ||
| 650 | _xCalculus -- Analytic geometry. | ||
| 999 |
_c291836 _d291836 |
||